Sāhitya-praveśa. (Record no. 75792)

MARC details
000 -LEADER
fixed length control field 00691cam a22002291 4500
001 - CONTROL NUMBER
control field sa 67006241
003 - CONTROL NUMBER IDENTIFIER
control field DLC
005 - DATE AND TIME OF LATEST TRANSACTION
control field 20260227112405.0
008 - FIXED-LENGTH DATA ELEMENTS--GENERAL INFORMATION
fixed length control field 890822s1962 ii 000 0 hino
010 ## - LIBRARY OF CONGRESS CONTROL NUMBER
LC control number sa 67006241
035 ## - SYSTEM CONTROL NUMBER
System control number (OCoLC)20231546
040 ## - CATALOGING SOURCE
Original cataloging agency DLC
Transcribing agency WaU
Modifying agency NRU
-- DLC
042 ## - AUTHENTICATION CODE
Authentication code premarc
050 00 - LIBRARY OF CONGRESS CALL NUMBER
Classification number PK2049
Item number .M54
100 1# - MAIN ENTRY--PERSONAL NAME
Personal name Nirmala, Jyotiprasāda Miśra,
Dates associated with a name 1903-
245 10 - TITLE STATEMENT
Title Sāhitya-praveśa.
Statement of responsibility, etc. Saṅkalanakartā evaṃ sampādaka Jyotiprasāda Mishra 'Nirmala.'
250 ## - EDITION STATEMENT
Edition statement [4. saṃskaraṇa]
260 ## - PUBLICATION, DISTRIBUTION, ETC.
Place of publication, distribution, etc. Prayāga,
Name of publisher, distributor, etc. Hindī Sāhitya Sammelana,
Date of publication, distribution, etc. śaka 1884 [1962/63]
300 ## - PHYSICAL DESCRIPTION
Extent 6, 218 p.
Dimensions 19 cm.
500 ## - GENERAL NOTE
General note In Hindi.
650 #0 - SUBJECT ADDED ENTRY--TOPICAL TERM
Topical term or geographic name entry element Hindi literature.

No items available.

Powered by Koha